Bütün bu partimizin programı...başarılabilmiştir (Record no. 2880)

MARC details
000 -BAŞLIK
Sabit Uzunlukta Kontrol Alanı 00703na a2200217 4500
001 - KONTROL NUMARASI
Denetim Alanı 14779
003 - KONTROL NUMARASI IDENTIFIER
Denetim Alanı MIRAKIL
005 - SON İŞLEM TARİHİ VE ZAMANI
Denetim Alanı 20181213154912.0
008 - SABİT-BOY VERİ ELEMANLARI - GENEL BİLGİLER
Sabit Uzunlukta Kontrol Alanı 160924b tu 000 0
035 ## - SİSTEM KONTROL NUMARASI
Sistem Kontrol Numarası 14779
040 ## - KATALOGLAMA KAYNAK
Orijinal Kataloglama Ajansı Milas
Kataloglama Dili tur
Metne Dönüştürmek Ajansı TR-AnCHP
082 ## - DEWEY ONLU SINIFLANDIRMA NUMARASI
Sınıflandırma Numarası ATA 923.156
Ürün Numarası A72b [t.y.]
090 ## - SINIFLAMA NUMARASI
Sınıflama Numarası ATA 923.156 A72b [t.y.]
100 ## - ANA GİRİŞ - KİŞİSEL İSİM
Kişisel Ad Atatürk, Mustafa Kemal
Bir Adıyla İlişkilendirilen Tarihler 1881-1838
245 ## - BAŞLIK TABLOSU
Başlık Bütün bu partimizin programı...başarılabilmiştir
Sorumluluk Tablosu, Vb K. Atatürk
260 ## - YAYIN, DAĞITIM, VB
Yayın, Dağıtım, Vb Yeri İstanbul
Yayıncı, Dağıtıcı, Vs Adı [yayl. y.]
Yayın, Dağıtım, Vb Tarihi [t.y.]
Üretici Firma Alaadin Kıral Basımevi
300 ## - FİZİKSEL TANIM
Kapsam [48 s.]
Diğer Fiziksel Ayrıntıları fotg. ; ktl. hrt.
Boyutlar 25 sm.
600 ## - KONU KATMA GİRİŞ - KURUMSAL ADI
Kişisel Ad Atatürk, Mustafa Kemal
Bir Adıyla İlişkilendirilen Tarihler 1881-1938
Genel Alt Bölümü Söylev ve demeçler
650 ## - KONU KATMA GİRİŞ - TOPİKAL DÖNEM
Topikal Süreli Veya Coğrafi Ad Giriş Elemanı CHP
Genel Alt Bölümü Kurultaylar
942 ## - EKLENDİ GİRİŞ ELEMANLARI (KOHA)
Sınıflandırma Veya Raf Düzeni Kaynak Dewey Decimal Classification
Koha Öğesi Türü Books
999 ## - SİSTEM KONTROL NUMARALARI (KOHA)
Koha Biblionumber 2880
Koha Biblioitemnumber 2880
Holdings
Kalıcı Konum Mevcut Konum Edinme Tarihi Edinim Kaynak Seri Numaralandırma / Kronolojik Toplam Check-Out'Lar Tam Çağrı Numarası Barkod Tarih Son Görülme İtibaren Geçerli Fiyatlar Koha Öğesi Türü
CHP Kütüphanesi CHP Kütüphanesi 08/31/2016 Bağış c.79   ATA 923.156 A72b [t.y.] 002672 08/31/2016 08/31/2016 Books